Agents Rainbow 6 similaires - Statistiques

Statistiques générales
  • Ce quiz a été pris 146 fois
    54 depuis la dernière actualisation
  • Le résultat moyen est 29 sur 52
Statistiques - réponses
Indices Agent % Correct
Hologrames Alibi
97%
Hologrames Iana
81%
Défenseur avec soins Doc
77%
Localise les gadgets ennemis IQ
74%
Pièges avec laser Kapkan
74%
Monte aux trappes Oryx
74%
Défenseur avec soins Thunderbird
74%
Invisible aux cams/drônes Vigil
74%
Sont soeurs Ela
71%
Bouclier couvrant tout le corps Montagne
71%
Pouvant lancer ou tirer des caméras Valkyrie
71%
Pouvant lancer ou tirer des caméras Zero
71%
Sont soeurs Zofia
71%
Monte aux trappes Amaru
68%
Bouclier couvrant tout le corps Clash
68%
Localise les gadgets ennemis Solis
68%
Pièges avec laser Aruni
61%
Electrifient les murs renforcés ou les fils barbelés Bandit
61%
Piratages des gadgets/drônes ennemis Brava
61%
Leurs capacités est le sniper Glaz
61%
Invisible aux cams/drônes Nokk
61%
Agents barricadant les portes/fenêtres avec leurs capacité Castle
58%
Silence Caveira
58%
Electrifient les murs renforcés ou les fils barbelés Kaid
58%
Leurs capacités est le sniper Kali
58%
Assaillants pouvant lancer leurs gadget pour détruire les choses renforcées Ace
55%
Armes permettant de faire du feu Capitão
55%
Assaillants pouvant lancer leurs gadget pour détruire les choses renforcées Hibana
55%
Caméra pouvant tirer Maestro
55%
Défenseurs qui ralentissent les assaillants sans leurs donner de dégats Melusi
55%
Assaillants pouvant flasher grâce à leurs capacités Blitz
52%
Piratages des gadgets/drônes ennemis Mozzie
52%
Recrue Sentry
52%
Recrue Striker
52%
Armes permettant de faire du feu Tachanka
52%
Un ayant un drône pouvant électrifier et l'autre ayant un drône pouvant étourdir Twitch
52%
Agents pouvant voir à travers les flashs Warden
52%
Un ayant un drône pouvant électrifier et l'autre ayant un drône pouvant étourdir Echo
48%
Pièges qui ralentit et qui blessent constamment Lesion
48%
Assaillants localisant des ennemis avec des drônes spécifiques Lion
48%
Assaillants pouvant flasher grâce à leurs capacités Ying
48%
Utilisent des gadgets pour contrer les gadgets d'assaillant Jäger
45%
Caméra pouvant tirer Zero
45%
Silence Nokk
42%
Utilisent des gadgets pour contrer les gadgets d'assaillant Wamai
42%
Agents pouvant voir à travers les flashs Ying
42%
Défenseur ayant des barricades/barrières blindées Castle
32%
Agents barricadant les portes/fenêtres avec leurs capacité Rauora
29%
Défenseur ayant des barricades/barrières blindées Azami
19%
Pièges qui ralentit et qui blessent constamment Gridlock
19%
Défenseurs qui ralentissent les assaillants sans leurs donner de dégats Tubarão
16%
Assaillants localisant des ennemis avec des drônes spécifiques Grim
13%
Aucun quiz correspondant
Distribution des résultats
% des personnes avec chaque résultat
Percentile par nombre de réponses
Votre historique - résultats
Vous n’avez pas pris ce quiz depuis la dernière actualisation